00676nam a22001697a 4500003000900000008004100009040007100050082001700121110006500138245006700203260003800270300002800308505012900336650001100465650001500476650001500491AR-CdUCM190503b ||||| |||| 00| 0 spa d aMUNICIPALIDAD PROVINCIAL DEL CUSCOcBIBLIOTECA MUNICIPAL DEL CUSCO a332.4 /bM47 aCentro de estudios monetarios latinoamericanos México 1962 aAspectos monetarios de las economías latinoamericanas 1961 / aMéxico :bPanamericanas,c1962. a291 páginas ;c22 cm. aContenido : Economía mundial -- Principales medidas de política monetaria -- Financiamiento monetario y producción ... aMoneda aEconomía aPolítica